00326nam a2200121Ia 4500008004100000041000800041082001800049100002000067245004400087260003500131300002900166365000900195240624s9999 xx 000 0 und d aeng a658.40621 BRI aBRIDGES WILLIAM aMANAGING TRANSITIONS MAKING THE MOST OF c1991aCambridgebPerseus Books ax, : 130 : p. : cm. ; 23 cb20